[Event "American Continental-ch 2018"]
[Site "Montevideo"]
[Date "2018.06.03"]
[Round "4"]
[White "Pierrot, Facundo"]
[Black "Di Berardino, Diego Rafael"]
[Result "0-1"]
[WhiteElo "2392"]
[BlackElo "2525"]
[Annotator "TA"]
[PlyCount "58"]
[EventDate "2018.??.??"]
[EventType "swiss"]
[EventCountry "URU"]
[SourceTitle "playchess.com"]
[Source "ChessBase"]
[SourceQuality "1"]

{[%evp 14,58,31,-18,-7,-6,-9,-6,17,0,0,-29,-28,-39,-33,-35,-25,-29,0,0,0,0,10,-63,19,-73,-58,-83,-68,-108,-97,-101,-107,-99,-72,-120,-116,-127,-130,-239,-118,-346,-347,-479,-476,-477,-470]} 1. e4 c5 2. Nf3 d6 3. Bb5+ Nd7 4. c3 Ngf6 5. Qe2 a6 6. Ba4 b5 7. Bc2 Bb7 {B51: Sicilian: Moscow Variation (3 Bb5+) without 3...Bd7} 8. d3 {LiveBook: 9 Games} (8. d4 e6 9. O-O Be7 10. Nbd2 O-O 11. e5 Nd5 12. Ne4 Qc7 13. exd6 Bxd6 14. Nxd6 Qxd6 15. dxc5 Qxc5 {½-½ (58) Kovalev,V (2648)-Grandelius,N (2652) Sharjah 2018}) 8... e5 9. O-O g6 {The position is equal.} 10. d4 Bg7 11. dxe5 $146 ({Predecessor:} 11. a4 exd4 12. cxd4 O-O 13. Bf4 Re8 {0-1 (46) Genkin,A-Madl,I (2435) Recklinghausen 1999}) 11... dxe5 12. c4 b4 $1 13. Nbd2 O-O 14. Rd1 Qc7 15. Nf1 Bc6 16. N3d2 Nh5 17. g3 Bh6 18. Ne3 (18. a3 $11) 18... Ng7 ({Black should try} 18... Bxe3 $1 $15 19. Qxe3 Ng7) 19. Nf3 {[#]} (19. Nd5 $11 Qd8 20. Nf3 Bxc1 21. Raxc1) 19... Bxe3 $1 $17 20. Qxe3 Ne6 21. Qh6 f6 22. Qh3 Nd4 23. Nxd4 cxd4 24. Bh6 Rfe8 25. f3 Nc5 26. Qh4 {[#]} (26. Qg2 $17) 26... Qf7 (26... g5 $1 $19 {[%cal Rg5h4] is more deadly.} 27. Qh3 Rad8) 27. b3 $2 (27. Bd2 $17 {was called for.}) 27... g5 $19 28. Qh3 Bd7 29. g4 Ne6 {Precision: White = 33%, Black = 61%.} 0-1

[Event "American Continental-ch 2018"]
[Site "Montevideo"]
[Date "2018.06.03"]
[Round "4"]
[White "Bick, Gabriel"]
[Black "Vera Siguenas, Deivy"]
[Result "1-0"]
[WhiteElo "2391"]
[BlackElo "2516"]
[Annotator "TA"]
[PlyCount "105"]
[EventDate "2018.??.??"]
[EventType "swiss"]
[EventCountry "URU"]
[SourceTitle "playchess.com"]
[Source "ChessBase"]
[SourceQuality "1"]

{[%evp 21,105,40,47,33,97,101,101,108,109,36,39,0,58,24,29,29,57,13,112,91,110,84,84,84,84,84,83,66,69,63,60,70,116,88,83,46,77,74,146,120,139,97,148,125,118,87,110,110,110,110,110,81,88,64,292,292,292,292,307,292,292,292,292,292,292,292,292,292,267,205,292,258,289,288,292,245,292,167,291,287,275,266,507,468,494,485]} 1. e4 e5 2. Nf3 Nc6 3. Bc4 Nf6 4. d3 Be7 5. O-O O-O 6. Re1 d6 7. a4 Kh8 8. a5 {C55: Two Knights: 4 d3, 4 d4 exd4 5 e5 and Max Lange Attack} a6 9. Nc3 Ng8 10. h3 f5 11. Nd5 Bf6 {LiveBook: 7 Games} 12. b4 Nce7 $146 (12... fxe4 $14 13. dxe4 h6) 13. Nxf6 $16 Nxf6 {[#]} 14. d4 $1 Nxe4 15. Bb2 (15. dxe5 $16 Nc6 16. exd6) 15... d5 $14 16. Bb3 (16. Bf1 {with more complications.} Nc6 17. dxe5 Be6 18. b5 axb5 19. Bxb5 Nxa5 20. Nd4) 16... Nc6 (16... Nxf2 $1 $11 17. Kxf2 e4) 17. Nxe5 Nxe5 18. dxe5 Be6 19. Qd4 Qe8 (19... c6 $11 {keeps the balance.}) 20. f3 $16 {[%cal Bf2f3,Bf3f4][%mdl 32]} (20. Bxd5 Rd8 $17) 20... Ng5 21. Bc1 (21. Bxd5 Rd8 $17) 21... Qg6 22. Bxg5 ({Inferior is} 22. Bxd5 Nxh3+ 23. Kh1 (23. Kf1 Rad8 $17) 23... Rad8 $17) 22... Qxg5 23. f4 Qe7 24. Red1 ({Avoid the trap} 24. Bxd5 $2 Rad8 $19) 24... c6 25. Qc5 $36 {[%mdl 2048] Black is under pressure.} Qxc5+ 26. bxc5 Rfd8 27. Rab1 Rd7 28. Ba2 Re8 29. Rd4 Kg8 (29... Rde7 $142) 30. Kf2 Kf7 31. Ke3 Rc8 (31... Rde7 $142) 32. Rf1 Ke7 33. c3 Rf8 34. Bb1 Kd8 35. Bd3 Rff7 36. g4 g6 37. g5 h5 $2 (37... h6 $14) 38. h4 $18 Kc8 39. Rd1 Rf8 40. Be2 Kd8 41. Kd2 Ke7 42. Kc2 Rc8 43. Kb3 Kf7 44. Kb4 Ke7 45. Bd3 Kf7 (45... Kd8 {keeps fighting.} 46. c4 Ke7) 46. Bb1 Ke7 47. Ba2 Rb8 48. Ka3 Rc8 49. Rb4 (49. c4 $142 Rcc7 50. cxd5 cxd5 51. Kb4) 49... Kf7 (49... Kd8 $142 50. Rbd4 Ke7) 50. Rdd4 Ke7 51. Rb6 Rdc7 $2 (51... Rb8 52. Rdb4 Rc7) 52. Rdb4 Rb8 {[#]} 53. Rxa6 $1 {[%mdl 512] Precision: White = 64%, Black = 31%.} 1-0

[Event "American Continental-ch 2018"]
[Site "Montevideo"]
[Date "2018.06.03"]
[Round "4"]
[White "Santarius, Erik"]
[Black "Curi, Gabriel"]
[Result "1-0"]
[WhiteElo "2387"]
[BlackElo "2141"]
[Annotator "RC"]
[PlyCount "73"]
[EventDate "2018.??.??"]
[EventType "swiss"]
[EventCountry "URU"]
[SourceTitle "playchess.com"]
[Source "ChessBase"]
[SourceQuality "1"]
[TimeControl "40/5400+30:1800+30"]

1. d4 {[%emt 0:00:00]} d5 {[%emt 0:00:05]} 2. c4 {[%emt 0:00:00]} c6 {[%emt 0:00:03]} 3. cxd5 {[%emt 0:00:09]} cxd5 {[%emt 0:00:06]} 4. Bf4 {[%emt 0:00:15]} Nc6 {[%emt 0:00:32]} 5. e3 {[%emt 0:00:52]} Nf6 {[%emt 0:01:50]} 6. Nc3 {[%emt 0:00:13]} Bf5 {[%emt 0:04:25]} 7. Qb3 {[%emt 0:00:47]} Na5 {[%emt 0:01:39]} 8. Qa4+ {[%emt 0:00:13]} Bd7 {[%emt 0:00:05]} 9. Qc2 {[%emt 0:00:21]} Rc8 {[%emt 0:01:25]} 10. Bd3 {[%emt 0:02:08]} e6 {[%emt 0:02:31]} 11. Nf3 {[%emt 0:02:21]} Bb4 {[%emt 0:16:50]} 12. O-O {[%emt 0:01:01]} O-O {[%emt 0:05:16]} 13. a3 {[%emt 0:02:36]} Bxc3 {[%emt 0:02:47]} 14. bxc3 {[%emt 0:00:09]} Ne4 {[%emt 0:00:19]} 15. Bxe4 {[%emt 0:13:37]} dxe4 {[%emt 0:00:06]} 16. Qxe4 {[%emt 0:00:55]} Bc6 {[%emt 0:13:45]} 17. Qd3 {[%emt 0:02:25]} Qd5 {[%emt 0:02:14]} 18. Rfe1 {[%emt 0:02:59]} f5 {[%emt 0:02:52]} 19. h3 {[%emt 0:07:58]} Rf6 {[%emt 0:06:42]} 20. Kh2 {[%emt 0:01:51]} Nc4 {[%emt 0:07:34]} 21. Rg1 {[%emt 0:01:45]} Rg6 {[%emt 0:02:29]} 22. Qe2 {[%emt 0:03:54]} h6 {[%emt 0:03:43]} 23. Bg3 {[%emt 0:03:54]} Kh7 {[%emt 0:02:35]} 24. a4 {[%emt 0:01:49]} a5 {[%emt 0:01:00]} 25. Ne1 {[%emt 0:02:07]} Rf6 {[%emt 0:02:38]} 26. Nd3 {[%emt 0:00:51]} g5 {[%emt 0:00:42]} 27. f3 {[%emt 0:01:06]} b6 {[%emt 0:07:03]} 28. Rgf1 {[%emt 0:03:19]} Qd7 {[%emt 0:00:59]} 29. Ne5 {[%emt 0:06:52]} Nxe5 {[%emt 0:00:16]} 30. Bxe5 {[%emt 0:00:09]} Rf7 {[%emt 0:00:24]} 31. Rfb1 {[%emt 0:01:03]} Bxa4 {[%emt 0:06:21]} 32. Rxb6 {[%emt 0:00:32]} Ra8 {[%emt 0:01:15]} 33. Qc4 {[%emt 0:01:51]} Bc2 {[%emt 0:01:12]} 34. Rd6 {[%emt 0:01:28]} Qe8 {[%emt 0:02:26]} 35. Rxe6 {[%emt 0:00:28]} Re7 {[%emt 0:00:02]} 36. Rxe7+ {[%emt 0:00:38]} Qxe7 {[%emt 0:00:01]} 37. Rc1 {[%emt 0:00:24]} 1-0

[Event "American Continental-ch 2018"]
[Site "Montevideo"]
[Date "2018.06.03"]
[Round "4"]
[White "Soto Vega, Jorge"]
[Black "Cervantes Landeiro, Thalia"]
[Result "1/2-1/2"]
[WhiteElo "2357"]
[BlackElo "2087"]
[Annotator "TA"]
[PlyCount "123"]
[EventDate "2018.??.??"]
[EventType "swiss"]
[EventCountry "URU"]
[SourceTitle "playchess.com"]
[Source "ChessBase"]
[SourceQuality "1"]

{[%evp 11,123,16,18,0,-7,-10,0,0,2,0,0,-32,-6,-9,16,0,70,80,64,65,62,-44,-46,-50,0,0,0,0,187,0,0,0,175,180,168,175,168,173,186,97,89,80,94,81,88,81,87,74,78,29,31,37,75,75,75,74,75,64,75,56,86,38,97,95,405,0,0,0,77,0,0,0,0,0,0,0,0,0,0,0,0,0,0,0,0,0,0,0,0,0,0,0,0,0,0,0,0,0,0,0,0,0,0,0,0,0,0,0,0,0,0,0,0,0]} 1. e4 e5 2. Nf3 Nc6 3. Bb5 Nf6 4. d3 Bc5 5. c3 O-O 6. O-O d6 7. Bxc6 {C65: Ruy Lopez: Berlin Defence (3...Nf6), unusual lines and 4 0-0 Bc5} (7. h3 Bb6 8. Nbd2 Ne7 9. Re1 c6 10. Ba4 Ng6 11. Nf1 d5 12. Ng3 dxe4 13. Nxe4 Nxe4 14. dxe4 Be6 15. Bb3 {½-½ (29) Anand,V (2760)-Carlsen,M (2843) Stavanger 2018}) 7... bxc6 8. h3 Bb6 9. Nbd2 Ba6 10. Qc2 $146 ({Predecessor:} 10. c4 Bb7 11. Qc2 a5 12. c5 Bxc5 13. Nxe5 dxe5 14. Qxc5 Qxd3 15. Qxe5 Rfe8 16. Qxc7 {1-0 (36) Yu,Y (2729)-Tan,Z (2496) Danzhou 2016}) 10... Nh5 11. Nc4 Bxc4 12. dxc4 Qf6 13. Qa4 d5 (13... c5 $11) 14. cxd5 $14 cxd5 15. exd5 e4 16. Nh2 ({Better is} 16. Qxe4 $14 Ng3 17. Qe5 Qxe5 18. Nxe5) 16... Ng3 $15 {[%mdl 1024] Black has compensation.} 17. Ng4 Qd6 18. Re1 f5 19. Ne3 f4 $2 (19... Nh5 $1 $11) 20. Nc4 $2 (20. fxg3 $18 fxe3 21. Kh2 (21. Bxe3 Qxg3 22. Bxb6 axb6 $16)) 20... Qg6 21. Qc6 $36 {[%mdl 2048] Black is under pressure.} e3 $2 (21... Bxf2+ $1 $11 {and Black stays safe.} 22. Kxf2 Nh1+ 23. Rxh1 Qg3+ 24. Kg1 (24. Kf1 $2 f3 $19) 24... Qe1+ 25. Kh2 Qg3+ 26. Kg1 Qe1+ 27. Kh2 Qg3+ 28. Kg1) 22. Bxe3 $1 $18 ({But not} 22. fxg3 $2 Qxg3 23. Qe6+ Kh8 $19) (22. fxe3 Qc2 $16) 22... fxe3 23. fxg3 Qxg3 24. Nxb6 Qf2+ 25. Kh1 (25. Kh2 $1 $18 axb6 26. Qe6+ (26. Qxc7 Qxb2 27. d6 Rac8 $16) 26... Kh8 27. Qxe3) 25... axb6 $16 26. Qe6+ Kh8 27. Qxe3 Qxb2 28. a4 h6 29. Qg3 Rf7 30. Rab1 Qa2 31. d6 cxd6 32. Rxb6 Qxa4 33. Rxd6 Rc8 34. Qd3 Qh4 35. Re4 Qg5 36. Qd4 {aiming for Rg4.} Qc1+ (36... Qg3 $14 37. Rxh6+ Kg8) 37. Kh2 Rf1 $2 {[%mdl 8192]} (37... Kh7 $16 {is tougher.}) 38. Rxh6+ $2 ({White has to play} 38. Re3 $18 Rf7 39. Rxh6+ Kg8 40. Rh4) 38... Qxh6 $11 39. Rh4 {[#]} Rf6 {[#]} (39... Qxh4 $1 $11 {[%mdl 512]} 40. Qxh4+ Kg8) 40. c4 {[#]} ({White should play} 40. Qxf6 $1 $16 gxf6 41. Rxh6+ Kg7 42. Rh5) 40... Qxh4 $1 {[%mdl 512] The position is equal.} 41. Qxh4+ {[%mdl 4096] Endgame KQ-KRR} Rh6 42. Qe4 Rhc6 43. h4 Rxc4 44. Qe7 R4c7 45. Qe2 Rc5 46. Kh3 Rc2 47. Qh5+ Kg8 48. Qf5 R2c5 49. Qe4 Kh8 50. Qe2 Rc3+ 51. Kh2 R3c5 52. Qe6 R5c6 53. Qd7 (53. Qe4 {looks sharper.} Rc3 54. Qe5 Kg8 55. Qd5+ Kh7 56. Qf5+) 53... R6c7 54. Qd1 Rc5 55. Kh3 Rc3+ 56. g3 R3c5 57. Qf3 Rc3 58. Qf7 R3c5 59. Kg2 Rc2+ 60. Kf1 R2c3 61. g4 R3c7 62. Qd5 {Precision: White = 52%, Black = 48%.} 1/2-1/2

[Event "American Continental-ch 2018"]
[Site "Montevideo"]
[Date "2018.06.03"]
[Round "4"]
[White "Grabinsky, Aaron"]
[Black "Torella, Rodolfo"]
[Result "1-0"]
[WhiteElo "2296"]
[BlackElo "2016"]
[Annotator "RC"]
[PlyCount "83"]
[EventDate "2018.??.??"]
[EventType "swiss"]
[EventCountry "URU"]
[SourceTitle "playchess.com"]
[Source "ChessBase"]
[SourceQuality "1"]
[TimeControl "40/5400+30:1800+30"]

1. e4 d5 {[%emt 0:04:31]} 2. Nc3 {[%emt 0:00:17]} dxe4 {[%emt 0:00:21]} 3. Nxe4 {[%emt 0:00:05]} Bf5 {[%emt 0:00:49]} 4. Ng3 {[%emt 0:00:18]} Bg6 {[%emt 0:00:07]} 5. Nf3 {[%emt 0:00:17]} Nf6 {[%emt 0:01:56]} 6. Ne5 {[%emt 0:01:20]} e6 {[%emt 0:00:30]} 7. d4 {[%emt 0:01:24]} Nbd7 {[%emt 0:04:24]} 8. Nxg6 {[%emt 0:00:54]} hxg6 {[%emt 0:00:08]} 9. Bd3 {[%emt 0:00:30]} Bd6 {[%emt 0:00:30]} 10. Qf3 {[%emt 0:00:58]} c6 {[%emt 0:05:15]} 11. Be3 {[%emt 0:01:28]} Qa5+ {[%emt 0:08:57]} 12. c3 {[%emt 0:03:02]} Qd5 {[%emt 0:02:12]} 13. Ne4 {[%emt 0:01:30]} Nxe4 {[%emt 0:02:28]} 14. Bxe4 {[%emt 0:00:06]} Qh5 {[%emt 0:00:36]} 15. O-O-O {[%emt 0:03:18]} Qxf3 {[%emt 0:03:28]} 16. Bxf3 {[%emt 0:00:05]} Nb6 {[%emt 0:07:53]} 17. Kc2 {[%emt 0:00:49]} Nd5 {[%emt 0:01:36]} 18. Bc1 {[%emt 0:00:14]} O-O-O {[%emt 0:12:16]} 19. h4 {[%emt 0:00:17]} b5 {[%emt 0:04:29]} 20. g3 {[%emt 0:03:31]} Kc7 21. Bg2 a6 {[%emt 0:03:27]} 22. Rd3 {[%emt 0:07:41]} Rh5 {[%emt 0:03:21]} 23. Bf3 {[%emt 0:01:14]} Rhh8 {[%emt 0:01:18]} 24. a3 {[%emt 0:02:14]} Nb6 {[%emt 0:05:07]} 25. b3 c5 {[%emt 0:13:03]} 26. dxc5 {[%emt 0:09:39]} Bxc5 {[%emt 0:05:35]} 27. Bf4+ {[%emt 0:03:36]} Kc8 28. Rhd1 {[%emt 0:00:01]} Rxd3 {[%emt 0:01:12]} 29. Rxd3 {[%emt 0:00:35]} Be7 30. Be3 Nd7 {[%emt 0:03:05]} 31. Bb7+ {[%emt 0:01:44]} Kc7 {[%emt 0:00:33]} 32. Bxa6 {[%emt 0:00:28]} Rb8 33. b4 {[%emt 0:06:19]} f6 {[%emt 0:05:46]} 34. f4 {[%emt 0:00:56]} Kc6 {[%emt 0:00:30]} 35. c4 {[%emt 0:00:24]} bxc4 {[%emt 0:00:49]} 36. Bxc4 {[%emt 0:00:06]} e5 {[%emt 0:00:30]} 37. Be6 {[%emt 0:00:30]} Nb6 {[%emt 0:00:33]} 38. fxe5 {[%emt 0:01:11]} fxe5 {[%emt 0:00:30]} 39. Bf7 {[%emt 0:00:30]} Bf6 {[%emt 0:01:27]} 40. Bxg6 {[%emt 0:00:16]} Kb5 {[%emt 0:30:25]} 41. Kb3 {[%emt 0:31:03]} Rc8 {[%emt 0:00:49]} 42. Rd6 {[%emt 0:00:31]} 1-0

[Event "American Continental-ch 2018"]
[Site "Montevideo"]
[Date "2018.06.03"]
[Round "4"]
[White "Betaneli, Alexander"]
[Black "Gemy, Jose Daniel"]
[Result "0-1"]
[WhiteElo "2246"]
[BlackElo "2393"]
[Annotator "TA"]
[PlyCount "58"]
[EventDate "2018.??.??"]
[EventType "swiss"]
[EventCountry "URU"]
[SourceTitle "playchess.com"]
[Source "ChessBase"]
[SourceQuality "1"]

{[%evp 13,58,9,20,-16,5,-13,-34,-37,-33,-41,-52,-41,-35,-64,-54,-96,-64,-176,-172,-175,-150,-199,-167,-172,-172,-181,-183,-199,-179,-171,-170,-169,-175,-174,-170,-174,-177,-213,-218,-241,-179,-1383,-1357,-1410,-1358,-29997,-29998]} 1. c4 c6 2. Nc3 d5 3. cxd5 cxd5 4. d4 Nc6 5. Bf4 Nf6 6. e3 a6 7. Rc1 Bf5 {LiveBook: 110 Partien. D10: Damengambit (Slawische Verteidigung)} 8. h3 (8. Nf3 e6 9. Nd2 Bd6 10. Bg3 O-O 11. Be2 Qe7 12. O-O Rad8 13. Nb3 Bxg3 14. hxg3 e5 15. dxe5 Nxe5 16. Nd4 Bc8 17. Qb3 Rd6 18. Rfd1 Rfd8 19. a3 g6 20. Rd2 Kg7 21. Qb4 {½-½ (21) Cordova,E (2645)-Ortiz Suarez,I (2570) Matanzas 2017}) 8... e6 9. Nf3 Qb6 $146 {Die Stellung ist ausgeglichen.} ({Vorgänger:} 9... Bd6 10. Bxd6 Qxd6 11. Bd3 Bg6 12. O-O O-O 13. a3 Rac8 14. Na4 Rc7 15. Qe2 Rfc8 16. Bxg6 hxg6 {½-½ (25) Calder,D (1953)-Williamson,R (2157) London 2011}) 10. Bd3 Bxd3 11. Qxd3 Qxb2 12. O-O Qa3 13. Rb1 Na5 $1 {[#] Droht ...Tc8 und aus.} 14. Nd2 Bb4 15. Nb3 (15. Rbc1 $1 $15 Nc6 16. Qc2) 15... Rc8 $36 {[%mdl 2048] Schwarz hat starke Initiative.} 16. Ne2 Ne4 ({Und nicht} 16... Qxa2 17. Nxa5 Qxa5 18. Qb3 $11) 17. Rfd1 {beabsichtigt Sxa5.} b5 18. Nxa5 Qxa5 19. f3 Nc3 20. Rdc1 O-O 21. Nxc3 Rxc3 ({Jedoch nicht} 21... Bxc3 22. Bd6 $17) 22. Rxc3 Bxc3 23. Bd6 Rc8 24. a3 Rc4 25. Rb3 h5 {[%cal Bh7h5,Bh5h4][%mdl 32]} 26. Bc5 h4 {Und weiter mit ...Lxd4! wäre nett.} 27. e4 $2 {[#]} (27. Kf1) 27... Bxd4+ $1 {[%mdl 512]} 28. Bxd4 Rc1+ 29. Kh2 Qe1 {Precision: Weiß = 14%, Schwarz = 76%.} 0-1

[Event "American Continental-ch 2018"]
[Site "Montevideo"]
[Date "2018.06.03"]
[Round "4"]
[White "Cabrera Pando, Ramiro"]
[Black "Ruiz Castillo, Joshua Daniel"]
[Result "0-1"]
[WhiteElo "2196"]
[BlackElo "2378"]
[Annotator "TA"]
[PlyCount "53"]
[EventDate "2018.??.??"]
[EventType "swiss"]
[EventCountry "URU"]
[SourceTitle "playchess.com"]
[Source "ChessBase"]
[SourceQuality "1"]

{[%evp 17,53,9,25,0,38,0,-7,-32,-29,-74,-9,-19,-21,-21,34,26,57,46,55,19,41,47,63,-68,-82,-67,-87,-150,-147,-133,-125,-194,-192,-187,-193,-235,-245,-375]} 1. d4 Nf6 2. c4 e5 3. dxe5 Ng4 4. e3 Nxe5 5. Nh3 d6 6. Nf4 {A52: Budapest Gambit} g6 7. Be2 Bg7 8. O-O O-O 9. Nc3 a5 {[%cal Ba7a5,Ba5a4][%mdl 32] LiveBook: 10 Games} 10. Qd2 (10. Qc2 Na6 11. b3 a4 12. Ba3 Bf5 13. Qd2 axb3 14. axb3 {½-½ (23) Fridman,D (2604)-Al Modiahki,M (2549) Riga 2014}) 10... a4 $146 ({Predecessor:} 10... Nbd7 11. b3 a4 12. Ba3 axb3 13. axb3 b6 {0-1 (36) Patino Romaris,J (2202)-Garcia Castro,P (2336) Vilagarcia de Arousa 2006}) 11. Rd1 Nbd7 {[%cal Bb8d7,Bd7c5,Bc5a6][%mdl 32]} 12. Qc2 Nc5 13. Rb1 {[#]} c6 ({Black should play} 13... Nc6 $1 $17 {White must now prevent ...Bf5.} 14. f3 Bf5) 14. b4 axb3 $1 15. axb3 Qc7 (15... Re8 $11) 16. b4 $14 Na6 17. h3 Re8 18. e4 f5 19. c5 dxc5 20. Bxa6 ({White has to play} 20. bxc5 $14 Nxc5 21. Ncd5 cxd5 22. Nxd5) 20... Rxa6 $15 21. bxc5 Qf7 22. Qb3 (22. Nd3 $142) 22... Qxb3 $17 23. Rxb3 Nd7 24. exf5 (24. Nd3 $17 {was called for.}) 24... Nxc5 $19 {Black is clearly better.} 25. Ra3 Bxf5 {And now ...Bc2 would win.} 26. Rxa6 Nxa6 ({Resist} 26... bxa6 27. Ba3) 27. Nce2 {Precision: White = 29%, Black = 46%.} (27. Bd2 $142) 0-1

[Event "American Continental-ch 2018"]
[Site "Montevideo"]
[Date "2018.06.03"]
[Round "4"]
[White "Carvalho, Guillermo"]
[Black "Varacalli, Francisco"]
[Result "1/2-1/2"]
[WhiteElo "2195"]
[BlackElo "2312"]
[Annotator "TA"]
[PlyCount "82"]
[EventDate "2018.??.??"]
[EventType "swiss"]
[EventCountry "URU"]
[SourceTitle "playchess.com"]
[Source "ChessBase"]
[SourceQuality "1"]

{[%evp 15,82,19,11,8,13,4,6,-21,-19,-23,-18,-39,-28,-25,-37,-32,-30,-57,-50,-46,-33,-58,-65,-70,-65,-74,-66,-75,-58,-75,-56,-76,-76,-90,-70,-99,-99,-124,-122,-122,-132,-135,-125,-158,-150,-149,-144,-142,-135,-139,-115,-135,-121,-146,-117,-132,-117,-119,-103,-122,-78,-108,-89,-87,-87,-116,-78,-79,-47]} 1. e4 e5 2. Nf3 Nc6 3. Bc4 Bc5 4. O-O d6 5. c3 Bb6 6. h3 {C50: Hungarian Defence and Giuoco Pianissimo} Nf6 7. d3 Ne7 (7... h6 8. Re1 O-O 9. a4 a6 10. Nbd2 Ne7 11. d4 exd4 12. cxd4 d5 13. e5 Nh5 14. Bf1 Nf4 15. a5 Ba7 {0-1 (44) Fressinet,L (2712)-Hammer,J (2665) Oslo 2015}) 8. Re1 Ng6 {LiveBook: 3 Games} 9. a4 {[#] a5 is the strong threat.} c6 10. Bb3 $146 ({Predecessor:} 10. Be3 O-O 11. Nbd2 Bxe3 12. fxe3 d5 13. exd5 Nxd5 14. Bxd5 Qxd5 {0-1 (36) Rahls,P (2238)-Karpatchev,A (2464) Bad Woerishofen 2014}) 10... O-O 11. Na3 Re8 12. Nc4 Bc7 13. Be3 d5 14. Ncd2 $1 h6 15. Bc2 a5 16. Nf1 Be6 17. Ng3 Qc8 18. Kh2 Qd7 19. Qd2 Rad8 20. Rad1 b6 21. Qc1 Qc8 22. Bd2 c5 23. Ng1 d4 24. N1e2 Bd6 25. c4 Qc7 26. Ng1 Kh7 27. Rf1 Nf4 28. N3e2 g5 29. g3 Ng6 30. f3 Nh5 31. Rf2 Kg7 32. Rdf1 Rf8 33. Rg2 Kh7 34. b3 Rg8 35. Qe1 Rdf8 36. Kh1 {Black is better.} Qd7 37. Rh2 Kg7 38. Rff2 Kf6 39. g4 Nhf4 40. Ng3 Kg7 41. N1e2 Rh8 {Precision: White = 43%, Black = 65%.} 1/2-1/2

[Event "American Continental-ch 2018"]
[Site "Montevideo"]
[Date "2018.06.03"]
[Round "4"]
[White "Balzano, Ivan"]
[Black "Foisor, Sabina-Francesca"]
[Result "1-0"]
[WhiteElo "2142"]
[BlackElo "2301"]
[Annotator "TA"]
[PlyCount "111"]
[EventDate "2018.??.??"]
[EventType "swiss"]
[EventCountry "URU"]
[SourceTitle "playchess.com"]
[Source "ChessBase"]
[SourceQuality "1"]

{[%evp 10,111,22,0,46,46,55,46,46,47,38,46,51,39,68,53,55,56,64,43,58,49,96,91,129,118,145,137,289,152,167,78,156,158,166,168,163,154,150,156,152,141,171,158,144,137,608,124,687,681,1033,828,833,812,792,775,1170,1164,1144,1133,1118,1111,29963,29963,6924,6383,5461,981,958,931,1145,1137,1043,899,870,862,5121,2505,2088,1840,1839,947,1139,1140,1172,1076,6931,5359,29979,29980,29981,5373,29973,29974,29981,29982,29982,29983,29984,29985,29987,29988,29993,29994]} 1. e4 c6 2. Nc3 d5 3. Nf3 g6 4. d4 Bg7 5. exd5 cxd5 6. Bb5+ {[%cal Bf1b5,Bb5a4,Ba4b3][%mdl 32] LiveBook: 33 Games} Kf8 {B15: Caro-Kann: 3 Nc3: 3...g6 and 3...dxe4 4 Nxe4 Nf6 5 Nxf6+ exf6} (6... Nc6 7. Ne5 Bd7 8. Nxd7 Qxd7 9. Be3 a6 10. Be2 Rd8 11. Bf3 e6 12. Ne2 Nge7 13. c3 Nf5 14. Bg5 Rc8 15. Ng3 Nd6 16. O-O Nc4 {0-1 (49) Tryggestad,A (2302)-Maze,S (2614) Fornebu 2017}) 7. O-O a6 8. Ba4 Bg4 {White is slightly better.} 9. h3 Bxf3 10. Qxf3 e6 11. Ne2 {[%cal Bc3e2,Be2f4,Bf4d3,Bd3c5][%mdl 32]} b5 12. Bb3 Nc6 13. c3 $40 {[%mdl 128] White is up to no good.} Nge7 $146 ({Predecessor:} 13... Rc8 14. Nf4 {0-1 (47) Macko,M (2123)-Petran,P (2277) Slovakia 2013}) 14. Nf4 {Black must now prevent Nxe6+.} Kg8 15. Re1 Qd7 16. Nd3 Rf8 17. Bf4 Qc8 18. Nc5 Nf5 $2 {[#]} (18... h5 $16 19. Rac1 Bh6 20. Bxh6 Rxh6) 19. Rac1 ({White must play} 19. Nxe6 $1 $18 fxe6 20. Rxe6) 19... h5 $16 20. Qd3 (20. Bc2 $18) 20... Bh6 ({Black should try} 20... e5) 21. Bxh6 Rxh6 22. a4 Na5 {[%cal Bc6a5,Ba5c4,Bc4d6][%mdl 32]} 23. Bc2 Nc4 24. b3 Ncd6 25. Ra1 g5 26. axb5 axb5 27. Ra6 g4 $2 {[%mdl 8192] [#]} (27... Ne4 $16 28. Qxb5 Nxc3) 28. Qd2 $2 (28. Rxd6 $1 $18 {[%mdl 512]} Nxd6 29. Qd2) 28... Kg7 $2 {[%mdl 8192] [#]} (28... Rd8 $16) 29. Rxd6 $1 $18 {[%mdl 512]} Rf6 (29... Nxd6 30. Qg5+) 30. Nd7 Nxd6 31. Qg5+ Rg6 32. Qe5+ f6 33. Qxd6 Rf7 34. Nc5 f5 35. Rxe6 Rgf6 36. Rxf6 Rxf6 37. Qe7+ Kg6 38. h4 (38. Nd7 $142 Qh8 39. Ne5+ Kh6 40. Nf7+ Rxf7 41. Qxf7) 38... Qf8 39. Qe3 Qh6 40. Qe8+ Kg7 41. Qe7+ Kg8 42. Qe5 f4 43. Qxd5+ Kg7 44. b4 f3 45. Qg5+ Qxg5 46. hxg5 Rf7 47. Be4 fxg2 48. Kxg2 Ra7 49. d5 {[%cal Bd4d5,Bd5d6,Bd6d7][%mdl 32]} h4 50. Bf5 (50. d6 $142 Kf8 51. d7 Rxd7 52. Nxd7+ Kf7 53. Ne5+ Kg7 54. Nxg4 Kf8 55. Kh3) 50... h3+ 51. Kh2 {White mates.} Rf7 52. Ne6+ Kg8 53. Nd4 Kg7 54. d6 Kf8 55. d7 Ke7 56. Nc6+ {Precision: White = 52%, Black = 21%.} 1-0